Famous People From Greater Glasgow, Scotland, UK. By Picture - Statistics

General Stats
  • This quiz has been taken 51 times
  • The average score is 11 of 18
Answer Stats
Picture Answer % Correct
Andy Murray
93%
Gordon Brown
91%
Alex Ferguson
84%
Lewis Capaldi
81%
Robbie Coltrane
81%
Billy Connolly
77%
Peter Capaldi
77%
James McAvoy
70%
Gerard Butler
67%
Kevin Bridges
63%
John Barrowman
53%
Frankie Boyle
51%
Angus Young
49%
Kenny Dalglish
44%
Robert Carlyle
42%
Billy Boyd
19%
Carol Ann Duffy
12%
William Ramsay
2%
No matching quizzes found
Score Distribution
Percent of People with Each Score
Percentile by Number Answered
Your Score History
You have not taken this quiz